Krebs Cycle - Statistics

General Stats
  • This quiz has been taken 166 times
  • The average score is 8 of 17
Answer Stats
Hint Answer % Correct
1 step citrate
96%
Start Acetyl-CoA
91%
2 step isocitrate
87%
1 enzyme citrate synthase
61%
7 step malate
61%
4 step succinyl CoA
61%
5 step succinate
59%
3 step a-ketoglutarate
52%
3 enzyme isocitrate dehydrogenase
46%
2 enzyme aconitase
43%
4 enzyme a-ketoglutarate dehydrogenase
35%
6 enzyme succinate dehydrogenase
35%
8 enzyme malate dehydrogenase
30%
5 enzyme succinyl CoA synthetase
26%
6 step fumerate
13%
7 enzyme fumerase
11%
Final oxaloacetone
9%
No matching quizzes found
Score Distribution
Percent of People with Each Score
Percentile by Number Answered
Your Score History
You have not taken this quiz